<?xml version="1.0" encoding="UTF-8"?>
<record
    xmlns:xsi="http://www.w3.org/2001/XMLSchema-instance"
    xsi:schemaLocation="http://www.loc.gov/MARC21/slim http://www.loc.gov/standards/marcxml/schema/MARC21slim.xsd"
    xmlns="http://www.loc.gov/MARC21/slim">

  <leader>01529nam0a22003011  4500</leader>
  <controlfield tag="001">rc\4434138</controlfield>
  <controlfield tag="005">20260407083702.0</controlfield>
  <datafield tag="021" ind1=" " ind2=" ">
    <subfield code="a">RU</subfield>
    <subfield code="b">[68-110381]</subfield>
  </datafield>
  <datafield tag="035" ind1=" " ind2=" ">
    <subfield code="a">(NLR Aleph) 008577840</subfield>
  </datafield>
  <datafield tag="090" ind1=" " ind2=" ">
    <subfield code="a">8566310</subfield>
    <subfield code="c">8566310</subfield>
  </datafield>
  <datafield tag="100" ind1=" " ind2=" ">
    <subfield code="a">20130416d1968    |||y0rusy50      ca</subfield>
  </datafield>
  <datafield tag="101" ind1="0" ind2=" ">
    <subfield code="a">rus</subfield>
  </datafield>
  <datafield tag="102" ind1=" " ind2=" ">
    <subfield code="a">RU</subfield>
  </datafield>
  <datafield tag="105" ind1=" " ind2=" ">
    <subfield code="a">a   z   |||||</subfield>
  </datafield>
  <datafield tag="200" ind1="1" ind2=" ">
    <subfield code="a">&#x418;&#x437;&#x43C;&#x435;&#x43D;&#x435;&#x43D;&#x438;&#x44F; &#x441;&#x43B;&#x438;&#x437;&#x438;&#x441;&#x442;&#x43E;&#x439; &#x43E;&#x431;&#x43E;&#x43B;&#x43E;&#x447;&#x43A;&#x438; &#x43F;&#x43E;&#x43B;&#x43E;&#x441;&#x442;&#x438; &#x440;&#x442;&#x430; &#x43F;&#x440;&#x438; &#x43D;&#x43E;&#x448;&#x435;&#x43D;&#x438;&#x438; &#x441;&#x44A;&#x435;&#x43C;&#x43D;&#x44B;&#x445; &#x43F;&#x440;&#x43E;&#x442;&#x435;&#x437;&#x43E;&#x432;</subfield>
    <subfield code="e">(&#x41A;&#x43B;&#x438;&#x43D;&#x438;&#x43A;&#x43E;-&#x44D;&#x43A;&#x441;&#x43F;&#x435;&#x440;&#x438;&#x43C;. &#x444;&#x438;&#x437;&#x438;&#x43E;&#x43B;. &#x43C;&#x43E;&#x440;&#x444;&#x43E;&#x43B;. &#x438; &#x431;&#x438;&#x43E;&#x445;&#x438;&#x43C;. &#x438;&#x441;&#x441;&#x43B;&#x435;&#x434;&#x43E;&#x432;&#x430;&#x43D;&#x438;&#x44F;)</subfield>
    <subfield code="e">[&#x422;&#x440;&#x443;&#x434;&#x44B; &#x418;&#x43D;-&#x442;&#x430;</subfield>
    <subfield code="f">&#x41F;&#x43E;&#x434; &#x440;&#x435;&#x434;. &#x43F;&#x440;&#x43E;&#x444;. &#x421;.&#x421;. &#x41F;&#x43E;&#x43B;&#x442;&#x44B;&#x440;&#x435;&#x432;&#x430; &#x438; &#x434;&#x440;.]</subfield>
    <subfield code="g">&#x41A;&#x443;&#x431;&#x430;&#x43D;. &#x433;&#x43E;&#x441;. &#x43C;&#x435;&#x434;. &#x438;&#x43D;-&#x442; &#x438;&#x43C;. &#x41A;&#x440;&#x430;&#x441;&#x43D;&#x43E;&#x439; &#x410;&#x440;&#x43C;&#x438;&#x438;</subfield>
  </datafield>
  <datafield tag="210" ind1=" " ind2=" ">
    <subfield code="a">&#x41A;&#x440;&#x430;&#x441;&#x43D;&#x43E;&#x434;&#x430;&#x440;</subfield>
    <subfield code="c">&#x411;. &#x438;.</subfield>
    <subfield code="d">1968</subfield>
  </datafield>
  <datafield tag="215" ind1=" " ind2=" ">
    <subfield code="a">266 &#x441;.</subfield>
    <subfield code="c">&#x438;&#x43B;.</subfield>
    <subfield code="d">21</subfield>
  </datafield>
  <datafield tag="320" ind1=" " ind2=" ">
    <subfield code="a">&#x411;&#x438;&#x431;&#x43B;&#x438;&#x43E;&#x433;&#x440;.: &#x441;. 249-261</subfield>
  </datafield>
  <datafield tag="606" ind1=" " ind2=" ">
    <subfield code="a">&#x417;&#x443;&#x431;&#x43E;&#x43F;&#x440;&#x43E;&#x442;&#x435;&#x437;&#x438;&#x440;&#x43E;&#x432;&#x430;&#x43D;&#x438;&#x435;</subfield>
    <subfield code="x">&#x41E;&#x441;&#x43B;&#x43E;&#x436;&#x43D;&#x435;&#x43D;&#x438;&#x44F; &#x438; &#x43F;&#x43E;&#x441;&#x43B;&#x435;&#x434;&#x441;&#x442;&#x432;&#x438;&#x44F;</subfield>
    <subfield code="2">psbo</subfield>
  </datafield>
  <datafield tag="606" ind1=" " ind2=" ">
    <subfield code="a">&#x420;&#x43E;&#x442;&#x43E;&#x432;&#x430;&#x44F; &#x43F;&#x43E;&#x43B;&#x43E;&#x441;&#x442;&#x44C;</subfield>
    <subfield code="x">&#x421;&#x43B;&#x438;&#x437;&#x438;&#x441;&#x442;&#x430;&#x44F; &#x43E;&#x431;&#x43E;&#x43B;&#x43E;&#x447;&#x43A;&#x430;</subfield>
    <subfield code="x">&#x41F;&#x430;&#x442;&#x43E;&#x43B;&#x43E;&#x433;&#x438;&#x447;&#x435;&#x441;&#x43A;&#x430;&#x44F; &#x430;&#x43D;&#x430;&#x442;&#x43E;&#x43C;&#x438;&#x44F;</subfield>
    <subfield code="2">psbo</subfield>
  </datafield>
  <datafield tag="606" ind1=" " ind2=" ">
    <subfield code="a">&#x417;&#x443;&#x431;&#x43D;&#x44B;&#x435; &#x43F;&#x440;&#x43E;&#x442;&#x435;&#x437;&#x44B;, &#x441;&#x44A;&#x435;&#x43C;&#x43D;&#x44B;&#x435;</subfield>
    <subfield code="2">psbo</subfield>
  </datafield>
  <datafield tag="702" ind1=" " ind2="1">
    <subfield code="a">&#x41F;&#x43E;&#x43B;&#x442;&#x44B;&#x440;&#x435;&#x432;</subfield>
    <subfield code="b">&#x421;.&#x421;.</subfield>
    <subfield code="g">&#x421;&#x430;&#x432;&#x435;&#x43B;&#x438;&#x439; &#x421;&#x43E;&#x43B;&#x43E;&#x43C;&#x43E;&#x43D;&#x43E;&#x432;&#x438;&#x447;</subfield>
    <subfield code="4">340</subfield>
  </datafield>
  <datafield tag="712" ind1="0" ind2="2">
    <subfield code="a">&#x41A;&#x443;&#x431;&#x430;&#x43D;&#x441;&#x43A;&#x438;&#x439; &#x43C;&#x435;&#x434;&#x438;&#x446;&#x438;&#x43D;&#x441;&#x43A;&#x438;&#x439; &#x438;&#x43D;&#x441;&#x442;&#x438;&#x442;&#x443;&#x442; &#x438;&#x43C;. &#x41A;&#x440;&#x430;&#x441;&#x43D;&#x43E;&#x439; &#x410;&#x440;&#x43C;&#x438;&#x438;</subfield>
    <subfield code="c">&#x41A;&#x440;&#x430;&#x441;&#x43D;&#x43E;&#x434;&#x430;&#x440;</subfield>
    <subfield code="3">RU\NLR\AUTH\8810881</subfield>
    <subfield code="9">294391</subfield>
  </datafield>
  <datafield tag="801" ind1=" " ind2="0">
    <subfield code="a">RU</subfield>
    <subfield code="b">NLR</subfield>
    <subfield code="g">psbo</subfield>
  </datafield>
  <datafield tag="801" ind1=" " ind2="1">
    <subfield code="a">RU</subfield>
    <subfield code="b">ELAR</subfield>
    <subfield code="2">rusmarc</subfield>
  </datafield>
  <datafield tag="852" ind1=" " ind2=" ">
    <subfield code="a">NLR</subfield>
    <subfield code="j">69-3/842</subfield>
  </datafield>
  <datafield tag="942" ind1=" " ind2=" ">
    <subfield code="c">BOOK</subfield>
  </datafield>
  <datafield tag="980" ind1=" " ind2=" ">
    <subfield code="a">NB</subfield>
  </datafield>
  <datafield tag="995" ind1=" " ind2=" ">
    <subfield code="5">2013-10-26</subfield>
    <subfield code="b">NLR01</subfield>
    <subfield code="c">NLR01</subfield>
    <subfield code="e">RF31</subfield>
    <subfield code="f">8577840-10</subfield>
    <subfield code="k">69-3/842</subfield>
    <subfield code="o">0</subfield>
    <subfield code="r">BOOK</subfield>
    <subfield code="s">693842_</subfield>
  </datafield>
</record>
